| 000 | 00536nam a2200169 i 4500 | ||
|---|---|---|---|
| 001 | 127472 | ||
| 003 | ES-MaACL | ||
| 005 | 20240607062958.0 | ||
| 007 | t| | ||
| 008 | 070214s1950 sp r ||||1| spa d | ||
| 100 | 1 |
_aRidruejo, Dionisio, _d1912-1975 _997065 |
|
| 245 | 1 | 0 |
_aEn once años _b: poesías completas de juventud : 1935-1945 / _cDionisio Ridruejo. |
| 260 |
_aMadrid : _bEd. Nacional, _c1950. |
||
| 300 |
_a499 p., 1 lám. = retr. aut. ; _c19 cm. |
||
| 852 |
_aES-MaACL _jD-5287 _bR.30492 |
||
| 999 |
_c127472 _d127472 |
||